[Event "MNT-chT 1st"]
[Site "Herceg Novi"]
[Date "2006.09.25"]
[Round "4"]
[White "Borovic, Gojko"]
[Black "Scekic, Veljko"]
[Result "1/2-1/2"]
[WhiteElo "2117"]
[BlackElo "2058"]
[PlyCount "24"]
[EventDate "2006.09.22"]
[EventType "team-tourn"]
[EventRounds "11"]
[EventCountry "MNE"]
[SourceTitle "CBM 114 Extra"]
[Source "ChessBase"]
[SourceDate "2006.11.03"]
[SourceVersion "1"]
[SourceVersionDate "2006.11.03"]
[SourceQuality "1"]

1. e4 c5 2. c3 d5 3. exd5 Qxd5 4. d4 e6 5. Nf3 Nc6 6. Be2 Nf6 7. Na3 cxd4 8. Nb5 Bd6 9. 0-0 0-0 10. Nxd6 Qxd6 11. Nxd4 Nxd4 12. cxd4 Rd8 1/2-1/2